| 000 | 01681nas a2200277Ia 4500 | ||
|---|---|---|---|
| 001 | R240-R2892 | ||
| 003 | IT-CnALBA | ||
| 008 | 170116c99999999xx |||||||||||| ||und|| | ||
| 040 |
_aIT-CnALBA _cIT-CnALBA |
||
| 041 | _aITALIANO | ||
| 100 | _aMAGRASSI MARIANO, OSB., VESCOVO DI BARI. | ||
| 210 | _aSE VUOI | ||
| 222 | _aSE VUOI | ||
| 245 | 0 | _aSE VUOI. RIVISTA DI ORIENTAMENTO. N. II. ANNO XXII. MARZO APRILE 1981. | |
| 250 | _a1a ed. | ||
| 260 |
_aCINISELLO BALSAMO (MI) _bEDIZIONI PAOLINE _c1981 |
||
| 300 | _a66 p. | ||
| 310 | _aBIMESTRALE | ||
| 362 | _aFascicolo: 2 / Anno: 22 (1981) | ||
| 500 | _aRISPOSTA DEGLI ESPERTI, PREPARAZIONE ALLA SCELTA. LITURGIA LUOGO DI RISPOSTA E SCELTA VOCAZIONALE. ALBERO DELLE VOCAIONI. FABRIS R. CASTELLANI I. CIAN L. BERETTI M. DE ODORICO R. LIBERTÀ VOCAZIONE. GIOVANI E PREGHIERA. LIBERAZIONE DELLA PROPRIA ESISTENZA DA CONDIZIONAMENTI NEGATIVI. VOCAZIONI DA COMUNITÀ. MESSAGGIO DEL PAPA. SERMIG, LOTTA E CONTEMPLAZIONE. FAMIGLIA PICCOLA CHIESA. SCUOLA DI PREGHIERA. LIBERTÀ DEI FIGLI DI DIO. | ||
| 501 | _aSocietà San Paolo EM - Piazza San Paolo, 14 - 12051 ALBA (CN) (non commercial uses only) ® Copyright 2017 | ||
| 520 | _aRISPOSTA DEGLI ESPERTI, PREPARAZIONE ALLA SCELTA. LITURGIA LUOGO DI RISPOSTA E SCELTA VOCAZIONALE. ALBERO DELLE VOCAIONI. FABRIS R. CASTELLANI I. CIAN L. BERETTI M. DE ODORICO R. LIBERTÀ VOCAZIONE. GIOVANI E PREGHIERA. LIBERAZIONE DELLA PROPRIA ESISTENZA DA CONDIZIONAMENTI NEGATIVI. VOCAZIONI DA COMUNITÀ. MESSAGGIO DEL PAPA. SERMIG, LOTTA E CONTEMPLAZIONE. FAMIGLIA PICCOLA CHIESA. SCUOLA DI PREGHIERA. LIBERTÀ DEI FIGLI DI DIO. | ||
| 650 | _aVOCAZIONE | ||
| 942 | _cCR | ||
| 957 | _71 | ||
| 999 |
_a12936 _bNO _g1 _c320991 _d320991 |
||